Unleash the magic (my little pony) - lyrics - Statistics

General Stats
  • This quiz has been taken 31 times
  • The average score is 244 of 307
Answer Stats
Answer % Correct
magic
100%
the
100%
Unleash
100%
a
95%
A
95%
all
95%
Free
95%
free
95%
I
95%
it
95%
to
95%
To
95%
we
95%
We
95%
be
91%
win
91%
do
86%
if
86%
If
86%
It's
86%
it's
86%
lose
86%
me
86%
Now
86%
now
86%
on
86%
one
86%
then
86%
you
86%
an
82%
as
82%
by
82%
can
82%
have
82%
not
82%
see
82%
So
82%
two
82%
want
82%
who
82%
blame
77%
cant
77%
everyone
77%
good
77%
had
77%
I'm
77%
maybe
77%
Maybe
77%
only
77%
or
77%
school
77%
that
77%
That
77%
They
77%
this
77%
use
77%
What
77%
what
77%
will
77%
your
77%
you're
77%
abused
73%
always
73%
at
73%
been
73%
before
73%
But
73%
happen
73%
In
73%
is
73%
Is
73%
I've
73%
like
73%
likes
73%
outcast
73%
same?
73%
student
73%
think
73%
tragic
73%
used
73%
wont
73%
you've
73%
And
68%
and
68%
brain
68%
Call
68%
disappear
68%
dont
68%
for
68%
friends
68%
hard
68%
here
68%
I'll
68%
Imagine
68%
large
68%
my
68%
ones
68%
Our
68%
our
68%
power
68%
reservations
68%
these
68%
understand
68%
up
68%
We're
68%
why
68%
yours
68%
after
64%
again
64%
blink
64%
Canterlot
64%
chance
64%
come
64%
depends
64%
deserve
64%
fall
64%
games
64%
High
64%
learn
64%
losing
64%
lost
64%
made
64%
others
64%
setting
64%
that's
64%
begin
59%
fail
59%
interest
59%
legacy
59%
realize
59%
scores
59%
seeing
59%
time
59%
Well
59%
important
55%
More
55%
plain
55%
simple
55%
stored
55%
very
55%
winning
55%
worth
55%
about
50%
business
50%
cost?
50%
endure
50%
find
50%
giving
50%
Isn't
50%
knowledge
50%
magic's
50%
regret
50%
understanding
50%
You'll
50%
crime
45%
since
45%
try
45%
really
41%
suggesting's
36%
clinch
32%
doors
32%
might
32%
open
32%
Let
23%
No matching quizzes found
Score Distribution
Percent of People with Each Score
Percentile by Number Answered
Your Score History
You have not taken this quiz